[Event "Calvia Amateur op 14th"]
[Site "Calvia"]
[Date "2017.10.08"]
[Round "2"]
[White "Delaere, Koen"]
[Black "Pons Morro, Mateo Andres"]
[Result "0-1"]
[WhiteElo "1927"]
[BlackElo "2122"]
[PlyCount "94"]
[EventDate "2017.10.07"]
[EventType "swiss"]
[EventRounds "9"]
[EventCountry "ESP"]
[SourceTitle "CBM 181 Extra"]
[Source "ChessBase"]
[SourceDate "2017.12.12"]
[SourceVersion "1"]
[SourceVersionDate "2017.12.12"]
[SourceQuality "1"]

1. d4 d5 2. c4 c6 3. Nf3 Nf6 4. Nc3 dxc4 5. a4 Bf5 6. Ne5 e6 7. e3 Nbd7 8. Nxc4 Bb4 9. Be2 0-0 10. 0-0 Qc7 11. Bd2 a5 12. Na2 Bxd2 13. Nxd2 e5 14. dxe5 Nxe5 15. Nf3 Rad8 16. Qc1 Bg4 17. Nd4 Rxd4 18. exd4 Bxe2 19. dxe5 Qxe5 20. Re1 Ng4 21. g3 Qh5 22. h4 Ne5 23. Qe3 Nf3+ 24. Kg2 Nxe1+ 25. Rxe1 Qd5+ 26. Kg1 Qxa2 27. Rxe2 Qxa4 28. Kg2 Qb5 29. Qe7 g6 30. Rd2 Qb4 31. Qd7 c5 32. h5 Kg7 33. hxg6 hxg6 34. Qd5 Re8 35. Rc2 b6 36. Rc4 Qxb2 37. Rh4 Qe5 38. Qb3 Re6 39. Qa2 Rd6 40. Qb1 Rd2 41. Qxb6 Qd5+ 42. Kh3 Qf5+ 43. Rg4 Qxf2 44. Ra4 Qh2+ 45. Kg4 Qh5+ 46. Kf4 Qf5+ 47. Ke3 Rd3+ 0-1

[Event "Vlissingen HZ op 19th"]
[Site "Vlissingen"]
[Date "2015.08.04"]
[Round "5"]
[White "Delaere, Koen"]
[Black "Hekhuis, Jeroen"]
[Result "1-0"]
[WhiteElo "1924"]
[BlackElo "2107"]
[PlyCount "53"]
[EventDate "2015.08.01"]
[EventType "swiss"]
[EventRounds "9"]
[EventCountry "NED"]
[SourceTitle "CBM 167 Extra"]
[Source "ChessBase"]
[SourceDate "2015.09.14"]
[SourceVersion "1"]
[SourceVersionDate "2015.09.14"]
[SourceQuality "1"]

1. d4 d5 2. c4 e6 3. Nf3 Nf6 4. e3 c6 5. Bd3 Bd6 6. Nc3 0-0 7. 0-0 Nbd7 8. e4 dxc4 9. Bxc4 e5 10. Bg5 exd4 11. Qxd4 Bc5 12. Qd2 Qe7 13. Kh1 Ne5 14. Nxe5 Qxe5 15. f3 b5 16. Bb3 b4 17. Nd1 Ba6 18. Re1 Rad8 19. Qc1 Bd6 20. f4 Qd4 21. Qxc6 Qd2 22. Ne3 Be2 23. Nf5 Ng4 24. Qc2 Bxf4 25. Qxd2 Bxd2 26. Bxd8 Bxe1 27. Rxe1 1-0

[Event "Vlissingen HZ op 19th"]
[Site "Vlissingen"]
[Date "2015.08.01"]
[Round "1"]
[White "Delaere, Koen"]
[Black "Jobava, Baadur"]
[Result "0-1"]
[WhiteElo "1924"]
[BlackElo "2664"]
[PlyCount "44"]
[EventDate "2015.08.01"]
[EventType "swiss"]
[EventRounds "9"]
[EventCountry "NED"]
[SourceTitle "CBM 167 Extra"]
[Source "ChessBase"]
[SourceDate "2015.09.14"]
[SourceVersion "1"]
[SourceVersionDate "2015.09.14"]
[SourceQuality "1"]

1. d4 d5 2. c4 c6 3. cxd5 cxd5 4. Bf4 Nc6 5. Nc3 a6 6. e3 Nf6 7. Bd3 Bg4 8. f3 Bd7 9. Nge2 e6 10. Bg3 g6 11. 0-0 Bh6 12. Bf2 0-0 13. e4 dxe4 14. fxe4 Ng4 15. d5 Nxf2 16. Rxf2 Ne5 17. Kh1 Qh4 18. g3 Ng4 19. Qg1 Nxf2+ 20. Qxf2 Qe7 21. Bc4 b5 22. dxe6 fxe6 0-1